Les 10 Pays les plus Densément Peuplés d'Afrique - Statistiques

Statistiques générales
  • Ce quiz a été pris 108 fois
  • Le résultat moyen est 7 sur 10
Statistiques - réponses
Densité de population
(en habitant par Km²)
PAYS % Correct
234.3 Nigeria
88%
556.0 Rwanda
81%
483.7 Burundi
80%
639.9 Maurice
78%
233.0 Seychelles
73%
441.5 Comores
71%
229.5 Ouganda
68%
232.4 Sao Tomé et Principe
68%
260.9 Gambie
67%
210.4 Malawi
62%
Aucun quiz correspondant
Distribution des résultats
% des personnes avec chaque résultat
Percentile par nombre de réponses
Votre historique - résultats
Vous n’avez pas pris ce quiz